00627nam a2200193Ia 4500001001000000003000500010008004100015010001100056040000900067082001700076100002700093245010800120260005900228300001000287650003000297700002800327700002200355710005600377Para_3007CHAP220125s1984 xx 000 0 und d a201393 cCHAP aPA 633.36 P6 aPorter, D. Morris, ed. aCompendium of peanut diseases /c ed. by D. Morris Porter, Donald H. Smith and R. Rodríguez Kábana aSt. Paul, Minn :b American Phytopathological Society a73 p. aCacahuate x Enfermedades aRodríguez Kábara R. aSmith, Donald H.  aAmerican Phytopathological Society. Sta. Paul, Minn